Spell the Marvel Character #283 - Statistics

General Stats
  • This quiz has been taken 11 times
  • The average score is 6 of 8
Answer Stats
Picture Answer % Correct
Arachne
100%
America Chavez
91%
Elektra
91%
U.S. Agent
91%
Lady Fantomex
82%
Aralune
64%
Nikki
55%
Rachel Summers
55%
No matching quizzes found
Score Distribution
Percent of People with Each Score
Percentile by Number Answered
Your Score History
You have not taken this quiz